| 000 | 00849cab a2200229 4500 | ||
|---|---|---|---|
| 001 | ABS58391 | ||
| 008 | 090401t1998 xxu||||| |||| 00| 0 eng d | ||
| 035 | _a(Sirsi) u85311 | ||
| 041 | _aeng | ||
| 100 | _aBrewer, G. | ||
| 245 | _aRetrospective contracts and the pitfalls they hold | ||
| 260 | _c1998 | ||
| 350 | _a0 | ||
| 490 |
_aContract Journal _v392(6168) 25 March 1998, 24(1) |
||
| 520 | _aConsiders the effect of a contract entered into after works have already been carried out in "Trollope & Colls and Holland Hannen and Cubitts v Atomic Power Constructions Ltd". | ||
| 650 | _aBUILT ENVIRONMENT-BUILDING CONTRACT FORMS | ||
| 650 | _aRETROSPECTIVE CONTRACTS | ||
| 650 | _aTROLLOPE & COLLS AND OTHERS V ATOMIC POWER CONSTRUCTIONS LTD | ||
| 690 | _aBUILT ENVIRONMENT-BUILDING CONTRACT FORMS | ||
| 942 | _n0 | ||
| 948 | _c31/03/1998 | ||
| 999 |
_c53639 _d53639 |
||